000 01261nabaa22002057a 4500
999 _c6144
_d6144
003 OSt
005 20260122234020.0
008 190701b xxu||||| |||| 00| 0 spa d
040 _cPJ
100 _95518
_aGirotti, María Cristina
245 1 3 _aDelitos y faltas electorales y el nuevo proceso sancionador en el fuero electoral /
_cMaría Cristina Girott.
300 _ap. 21-29
505 _aSumario: I. Introducción.— II. La discusión clásica acerca de la diferencia entre delitos y faltas.— III. Los delitos y las faltas en el Código Nacional Electoral.— IV. Las infracciones en las leyes 26.215 y 26.571.—V. Una reflexión y propuesta.— VI. El problema de las etiquetas frente a la Constitución Nacional.— VII. El proceso sancionatorio en el viejo Código Nacional Electoral.— VIII. El proceso sancionatorio en el Código actual.— IX. Conclusión.
505 _t¿Te interesa el texto completo? Comunicate al correo: koha@justierradelfuego.gov.ar
650 0 _9211
_aDERECHO ADMINISTRATIVO
650 0 _9904
_aDERECHO ELECTORAL
650 0 _9289
_aTECNOLOGIA DE LA INFORMACION
773 0 _02842
_93251
_dBuenos Aires : AbeledoPerrot, 2012-
_oDA121
_tDerecho administrativo. Nº 150 noviembre/diciembre 2023
_z18510590
942 _2udc
_cANA